[Event "Aktiv-Alliancen 2003"]
[Site "Taastrup"]
[Date "2003.05.23"]
[Round "1"]
[White "Frederiksen, Henrik K"]
[Black "Foslund, Kasper"]
[Result "1-0"]
[WhiteElo "2131"]
[BlackElo "1593"]
[PlyCount "57"]
[EventDate "2003.??.??"]

1. d4 d5 2. c4 e6 3. Nc3 Nf6 4. Bg5 Be7 5. e3 O-O 6. Nf3 Nbd7 7. Bd3 c6 8. O-O
h6 9. Bh4 Re8 10. Rc1 a6 11. Re1 Qc7 12. a3 Nb6 13. Bg3 Qd8 14. c5 Nbd7 15. Bb1
Nh5 16. Qd3 f5 17. Be5 Nxe5 18. Nxe5 Nf6 19. f3 Qc7 20. e4 fxe4 21. fxe4 Bd7
22. Rf1 Rad8 23. Ng6 e5 24. exd5 cxd5 25. Nxd5 Bb5 26. Nxf6+ Bxf6 27. Ba2+ Kh7
28. Nf8+ Kh8 29. Qh7# 1-0

[Event "Aktiv-Alliancen 2003"]
[Site "Taastrup"]
[Date "2003.05.23"]
[Round "1"]
[White "Lisdorf, Bjorn"]
[Black "Pallesen, Jacob"]
[Result "0-1"]
[WhiteElo "1558"]
[BlackElo "2070"]
[PlyCount "46"]
[EventDate "2003.??.??"]

1. Nf3 d6 2. e3 g6 3. c4 Bg7 4. d4 f5 5. Nc3 Nf6 6. Bd3 O-O 7. Bd2 Na6 8. Rc1
c5 9. d5 Bd7 10. Bb1 Nc7 11. a3 b5 12. cxb5 Nxb5 13. Nxb5 Bxb5 14. Ba2 Ne4 15.
a4 Ba6 16. b4 cxb4 17. Bxb4 Rb8 18. Bd2 Rb2 19. Bb1 Nxd2 20. Nxd2 Qa5 21. Rc2
Rfb8 22. Rxb2 Rxb2 23. Bc2 Bc3 0-1

[Event "Aktiv-Alliancen 2003"]
[Site "Taastrup"]
[Date "2003.05.23"]
[Round "1"]
[White "Auchenberg, Per"]
[Black "Sandbech, Ted"]
[Result "1-0"]
[WhiteElo "2040"]
[BlackElo "1539"]
[PlyCount "95"]
[EventDate "2003.??.??"]

1. f4 d5 2. b3 c5 3. e3 Nc6 4. Bb5 Bd7 5. Nf3 Nf6 6. Bb2 e6 7. O-O Be7 8. Bxc6
Bxc6 9. Ne5 Bb5 10. c4 Ba6 11. d3 O-O 12. Nd2 Nd7 13. Nxd7 Qxd7 14. Qg4 f6 15.
Rad1 d4 16. exd4 f5 17. Qe2 Bf6 18. Nf3 cxd4 19. Rfe1 Rfe8 20. Qf2 Rad8 21. Ne5
Bxe5 22. Rxe5 b6 23. Rde1 Bc8 24. b4 Qc6 25. b5 Qd6 26. Qd2 Bd7 27. a4 Rc8 28.
a5 Rc7 29. Ra1 Bc8 30. Ba3 Qd8 31. Bb4 Qh4 32. Rae1 Rf7 33. c5 bxc5 34. Bxc5
Rd8 35. a6 h6 36. Qa5 Kh7 37. b6 axb6 38. Qxb6 Rd5 39. R5e2 Bxa6 40. Qxe6 Rxc5
41. Qxf7 Bxd3 42. Re8 Bc4 43. Qf8 Rb5 44. g3 Qh3 45. Qh8+ Kg6 46. R8e7 Bf7 47.
Rxf7 Rb2 48. Rxg7+ 1-0

[Event "Aktiv-Alliancen 2003"]
[Site "Taastrup"]
[Date "2003.05.23"]
[Round "1"]
[White "Riis, Morten"]
[Black "Schmidt, Horst Hubert"]
[Result "1-0"]
[WhiteElo "1456"]
[BlackElo "1948"]
[PlyCount "61"]
[EventDate "2003.??.??"]

1. Nf3 Nf6 2. d4 d5 3. c4 e6 4. Nc3 c5 5. dxc5 Bxc5 6. cxd5 exd5 7. Bg5 Qb6 8.
e3 O-O 9. Be2 Nbd7 10. O-O h6 11. Bf4 a6 12. Na4 Qe6 13. Nxc5 Nxc5 14. Nd4 Qb6
15. b3 Ne6 16. Nxe6 fxe6 17. Rc1 Bd7 18. Be5 Bc6 19. Qc2 Rac8 20. Qb2 Rf7 21.
Rfd1 Ne4 22. Bf3 Rcf8 23. Rc2 Nf6 24. Rd4 Kh7 25. Rf4 Bb5 26. Rd2 Nd7 27. Bd4
Qd6 28. Rg4 e5 29. Bc3 Bc6 30. Bb4 Nc5 31. Qc2+ 1-0

[Event "Aktiv-Alliancen 2003"]
[Site "Taastrup"]
[Date "2003.05.23"]
[Round "1"]
[White "Lauritsen, Martin Lee"]
[Black "Carlsen, Henrik"]
[Result "0-1"]
[WhiteElo "1768"]
[BlackElo "1394"]
[PlyCount "76"]
[EventDate "2003.??.??"]

1. e4 c5 2. Nf3 Nc6 3. d4 cxd4 4. Nxd4 g6 5. Nc3 Bg7 6. Be3 Nf6 7. f3 O-O 8.
Qd2 d5 9. exd5 Nxd5 10. Nxc6 bxc6 11. Nxd5 Qxd5 12. Bd3 Bxb2 13. c4 Qe5 14. Rc1
Bxc1 15. Qxc1 Rd8 16. Bc2 Qc3+ 17. Kf2 Qxc4 18. Qb2 Ba6 19. Bb3 Qh4+ 20. g3 Qf6
21. Qc2 Bd3 22. Qc1 Be4 23. Bd1 Rab8 24. Kg2 Qb2+ 25. Qxb2 Rxb2+ 26. Kh3 Bd5
27. Bxa7 Rxa2 28. Bc5 e6 29. Rf1 Ra1 30. f4 Bc4 31. Be2 Rxf1 32. Bxc4 Rc1 33.
Bb6 Rb8 34. Ba7 Rb7 35. Bxe6 Rxa7 36. Bg4 c5 37. f5 Ra2 38. fxg6 hxg6 0-1

[Event "Aktiv-Alliancen 2003"]
[Site "Taastrup"]
[Date "2003.05.23"]
[Round "1"]
[White "Nielsen, Michael Backmann"]
[Black "Ohayv, Nikolaj"]
[Result "0-1"]
[WhiteElo "1320"]
[BlackElo "1755"]
[PlyCount "44"]
[EventDate "2003.??.??"]

1. d4 d5 2. Nf3 c5 3. c3 Nc6 4. e3 Nf6 5. Bd3 Bg4 6. Nbd2 e6 7. O-O Rc8 8. Qe2
cxd4 9. exd4 Bd6 10. h3 Bh5 11. Re1 Bb8 12. Nf1 Bg6 13. Bxg6 hxg6 14. Bg5 Qc7
15. Qb5 a6 16. Qa4 Ne4 17. c4 Nxg5 18. Nxg5 Kf8 19. Rxe6 Rh5 20. Rxg6 Nxd4 21.
Ne3 fxg6 22. Nxd5 Qh2+ 0-1

[Event "Aktiv-Alliancen 2003"]
[Site "Taastrup"]
[Date "2003.05.23"]
[Round "1"]
[White "Jensen, Jan Erik"]
[Black "Rosenkilde, Alexander"]
[Result "0-1"]
[WhiteElo "1225"]
[BlackElo "1679"]
[PlyCount "84"]
[EventDate "2003.??.??"]

1. e4 c5 2. Nf3 Nc6 3. Nc3 e6 4. Bb5 Be7 5. d3 d5 6. exd5 exd5 7. O-O Nf6 8.
Re1 O-O 9. Bxc6 bxc6 10. Bf4 Re8 11. h3 Ba6 12. b3 Nd7 13. Rb1 Qb6 14. Qd2 h6
15. Na4 Qb5 16. c4 Qb7 17. Re2 dxc4 18. dxc4 Bxc4 19. Re3 Be6 20. Rd1 Nf6 21.
Qc2 Nd5 22. Nxc5 Bxc5 23. Qxc5 Nxe3 24. Bxe3 Rad8 25. Rc1 Bd5 26. Nd4 Qe7 27.
Qc2 Rc8 28. Nf5 Qe6 29. Nd4 Qe4 30. Qxe4 Bxe4 31. f3 Bd5 32. Ne2 Rxe3 33. Kf1
Rce8 34. Rc2 c5 35. Rd2 c4 36. Rxd5 Rxe2 37. bxc4 Rxa2 38. Rd1 a5 39. Rc1 a4
40. c5 a3 41. c6 Rb2 42. c7 Rc8 0-1

[Event "Aktiv-Alliancen 2003"]
[Site "Taastrup"]
[Date "2003.05.23"]
[Round "1"]
[White "Foslund, Peter"]
[Black "Larsen, Allan"]
[Result "1-0"]
[WhiteElo "1659"]
[BlackElo "1186"]
[PlyCount "83"]
[EventDate "2003.??.??"]

1. c4 Nf6 2. Nc3 e6 3. Nf3 d5 4. cxd5 exd5 5. d4 Nbd7 6. e3 Bb4 7. Bd2 c5 8.
Be2 Bxc3 9. Bxc3 Ne4 10. Rc1 O-O 11. O-O Nxc3 12. Rxc3 cxd4 13. Qxd4 Nf6 14.
Nd2 Re8 15. Bf3 Be6 16. Rfc1 Qb6 17. Qxb6 axb6 18. a3 Rac8 19. Rxc8 Rxc8 20.
Rxc8+ Bxc8 21. Nb1 Ne4 22. Bxe4 dxe4 23. Nc3 f5 24. Nd5 Kf7 25. Nxb6 Be6 26. h4
h6 27. g3 g5 28. hxg5 hxg5 29. Kf1 Ke7 30. Na4 Kd6 31. Ke1 Bb3 32. Nc3 Kc5 33.
Kd2 b5 34. Ne2 Be6 35. Nd4 Bd7 36. Kc3 Bc8 37. Nb3+ Kb6 38. Kd4 Be6 39. Nc5 Bc8
40. b4 Kc6 41. Ke5 g4 42. Nb3 1-0

[Event "Aktiv-Alliancen 2003"]
[Site "Taastrup"]
[Date "2003.05.24"]
[Round "2"]
[White "Erichsen, Dan"]
[Black "Foslund, Peter"]
[Result "1-0"]
[WhiteElo "2138"]
[BlackElo "1659"]
[PlyCount "33"]
[EventDate "2003.??.??"]

1. e4 c5 2. Nf3 Nc6 3. d4 cxd4 4. Nxd4 Nf6 5. Nc3 d6 6. Bg5 Bd7 7. Qd2 a6 8.
O-O-O b5 9. f3 Ne5 10. f4 Nc4 11. Bxc4 bxc4 12. e5 dxe5 13. fxe5 Nh5 14. Qe2 g6
15. e6 fxe6 16. Nxe6 Qb6 17. Nxf8 1-0

[Event "Aktiv-Alliancen 2003"]
[Site "Taastrup"]
[Date "2003.05.24"]
[Round "2"]
[White "Hansen, Alexei"]
[Black "Frederiksen, Henrik K"]
[Result "1/2-1/2"]
[WhiteElo "1728"]
[BlackElo "2131"]
[PlyCount "112"]
[EventDate "2003.??.??"]

1. e4 g6 2. d4 Nf6 3. f3 d5 4. e5 Nh5 5. Be3 c6 6. Qd2 Ng7 7. h4 h5 8. Be2 Nd7
9. Nh3 Nb6 10. Na3 Nf5 11. Bg5 Ng3 12. Rh2 Bf5 13. Bd3 Qd7 14. Qf4 Bxd3 15.
cxd3 Nf5 16. g4 Ng7 17. O-O-O O-O-O 18. Qxf7 hxg4 19. fxg4 Qxg4 20. Qf4 Qh5 21.
Qd2 Ne6 22. Nf4 Nxf4 23. Qxf4 Bh6 24. Bxh6 Qxh6 25. Qxh6 Rxh6 26. Nc2 Rf8 27.
Rg1 Rf3 28. Kd2 Nd7 29. Ke2 Rf4 30. Rg5 Nf8 31. h5 Rxh5 32. Rhxh5 gxh5 33. Rxh5
Ne6 34. Ke3 Kd7 35. Rh1 Rf5 36. b4 Rg5 37. Kd2 Nf4 38. Ne3 Rg3 39. Re1 Ng2 40.
Nxg2 Rxg2+ 41. Re2 Rxe2+ 42. Kxe2 Ke6 43. a4 Kf5 44. Kf3 b6 45. a5 bxa5 46.
bxa5 a6 47. Kg3 Kg5 48. Kf3 Kh4 49. Kf4 e6 50. Kf3 Kh3 51. Kf4 Kh4 52. Kf3 Kh5
53. Kf4 Kh4 54. Kf3 Kg5 55. Kg3 Kf5 56. Kf3 Kg5 1/2-1/2

[Event "Aktiv-Alliancen 2003"]
[Site "Taastrup"]
[Date "2003.05.24"]
[Round "2"]
[White "Pallesen, Jacob"]
[Black "Forsmann, Henning"]
[Result "1-0"]
[WhiteElo "2070"]
[BlackElo "1653"]
[PlyCount "77"]
[EventDate "2003.??.??"]

1. e4 c5 2. Nf3 Nc6 3. d4 cxd4 4. Nxd4 Nf6 5. Nc3 d6 6. Bc4 Qb6 7. Nb3 e6 8.
Be3 Qc7 9. O-O Be7 10. Nd4 O-O 11. f4 Nxd4 12. Qxd4 e5 13. Qd3 a6 14. Nd5 Nxd5
15. Bxd5 Bd7 16. fxe5 dxe5 17. Qb3 Be8 18. Qxb7 Qxb7 19. Bxb7 Rb8 20. Bxa6 Rxb2
21. Bd3 Bc6 22. Rfb1 Rfb8 23. Rxb2 Rxb2 24. a4 Rb4 25. a5 Ba8 26. a6 h6 27. Ra5
f6 28. Bc5 Rb1+ 29. Kf2 Bd8 30. Ra3 Kh7 31. Rb3 Rxb3 32. cxb3 Kg6 33. b4 Kg5
34. b5 Kf4 35. Be3+ Kg4 36. b6 Bxb6 37. Bxb6 g6 38. Ke3 h5 39. Bc4 1-0

[Event "Aktiv-Alliancen 2003"]
[Site "Taastrup"]
[Date "2003.05.24"]
[Round "2"]
[White "Rosenkilde, Alexander"]
[Black "Auchenberg, Per"]
[Result "0-1"]
[WhiteElo "1679"]
[BlackElo "2040"]
[PlyCount "104"]
[EventDate "2003.??.??"]

1. d4 Nf6 2. c4 e6 3. Nf3 Bb4+ 4. Nc3 b6 5. Bg5 Bb7 6. e3 Bxc3+ 7. bxc3 d6 8.
h3 Nbd7 9. Be2 h6 10. Bh4 g5 11. Bg3 Ne4 12. Qc2 f5 13. Bh2 Qf6 14. Rg1 O-O-O
15. Nd2 Nxd2 16. Kxd2 e5 17. a4 a5 18. Bf3 Ba6 19. Be2 f4 20. g3 fxe3+ 21. fxe3
Qf2 22. Rh1 Bxc4 23. Rae1 Rde8 24. Bg1 Qf7 25. Rf1 Qg8 26. Rh2 Bxe2 27. Rxe2
Qe6 28. g4 exd4 29. cxd4 Nf6 30. Rc1 Ne4+ 31. Ke1 Qd7 32. Qc4 Kb7 33. Rec2 c5
34. Rb2 Ka7 35. Rcb1 Rb8 36. dxc5 Nxc5 37. e4 Rhe8 38. Bxc5 dxc5 39. Rd1 Qc7
40. Rf2 Rb7 41. Qd5 Qg3 42. Rd3 Qg1+ 43. Ke2 Ree7 44. Qc4 Qb1 45. Rf1 Qb2+ 46.
Rd2 Qe5 47. Ke3 Rbd7 48. Rxd7+ Rxd7 49. Rf3 Qh2 50. Qc3 Qg1+ 51. Rf2 Rf7 52.
Qd2 Qg3+ 0-1

[Event "Aktiv-Alliancen 2003"]
[Site "Taastrup"]
[Date "2003.05.24"]
[Round "2"]
[White "Ohayv, Nikolaj"]
[Black "Riis, Morten"]
[Result "1-0"]
[WhiteElo "1755"]
[BlackElo "1456"]
[PlyCount "93"]
[EventDate "2003.??.??"]

1. e4 c5 2. Nf3 Nc6 3. d4 cxd4 4. Nxd4 e6 5. Nc3 a6 6. f3 Nf6 7. Be3 Be7 8. Qd2
d5 9. exd5 Nxd5 10. Nxc6 bxc6 11. Bd3 Bf6 12. Nxd5 cxd5 13. c3 O-O 14. O-O d4
15. cxd4 Bxd4 16. Bxh7+ Kxh7 17. Qxd4 Qxd4 18. Bxd4 Bb7 19. Rfd1 Bd5 20. Bc3
Rac8 21. Rd4 Rc4 22. a3 Rfc8 23. Rad1 Kg8 24. Kf2 Rxd4 25. Rxd4 Rc4 26. Ke3
Rxd4 27. Kxd4 Kf8 28. Kc5 g6 29. b4 Ke7 30. Kb6 Bc4 31. a4 Kd7 32. Be5 Bd3 33.
b5 axb5 34. a5 Bc4 35. a6 Kc8 36. a7 Bd5 37. Kxb5 Kb7 38. Bd4 Kc7 39. Kb4 Kb7
40. Kc3 Kc7 41. Kd2 Ba8 42. Ke3 Kd6 43. Kf4 Ke7 44. g4 Bd5 45. h4 f5 46. h5
fxg4 47. h6 1-0

[Event "Aktiv-Alliancen 2003"]
[Site "Taastrup"]
[Date "2003.05.24"]
[Round "2"]
[White "Carlsen, Henrik"]
[Black "Lisdorf, Bjorn"]
[Result "1/2-1/2"]
[WhiteElo "1394"]
[BlackElo "1558"]
[PlyCount "67"]
[EventDate "2003.??.??"]

1. e4 e5 2. f4 exf4 3. Nf3 Be7 4. Bc4 Bh4+ 5. Kf1 d5 6. Bxd5 Be6 7. Bxe6 fxe6
8. d4 Qf6 9. Nxh4 Qxh4 10. Qf3 Nc6 11. Qxf4 Qxf4+ 12. Bxf4 O-O-O 13. c3 Rf8 14.
g3 g5 15. Ke2 gxf4 16. Rf1 Nge7 17. gxf4 Rhg8 18. Nd2 Rg2+ 19. Ke3 Rxh2 20. Rh1
Rxh1 21. Rxh1 Ng6 22. Rxh7 Nxf4 23. b4 Ng2+ 24. Ke2 e5 25. d5 Nd8 26. c4 Nf7
27. c5 Ng5 28. Re7 Nh3 29. Nf3 Ngf4+ 30. Ke3 Nd3 31. d6 cxd6 32. cxd6 Nxb4 33.
Rc7+ Kb8 34. Nxe5 1/2-1/2

[Event "Aktiv-Alliancen 2003"]
[Site "Taastrup"]
[Date "2003.05.24"]
[Round "2"]
[White "Schmidt, Horst Hubert"]
[Black "Nielsen, Michael Backmann"]
[Result "1-0"]
[WhiteElo "1948"]
[BlackElo "1320"]
[PlyCount "61"]
[EventDate "2003.??.??"]

1. d4 Nf6 2. Nf3 e6 3. c4 b6 4. e3 Bb7 5. Bd3 Be7 6. O-O O-O 7. Nc3 d5 8. b3
Nbd7 9. Qc2 c5 10. cxd5 exd5 11. Bb2 Rc8 12. Bf5 Bd6 13. Rac1 Re8 14. Qb1 Ne4
15. Rfd1 g6 16. Bxd7 Qxd7 17. dxc5 bxc5 18. Qd3 Nxc3 19. Qxc3 d4 20. exd4 Bxf3
21. dxc5 Be5 22. Qxf3 Qc7 23. Bxe5 Rxe5 24. b4 a5 25. a3 axb4 26. axb4 Rce8 27.
g3 Qb8 28. Rd7 Rf5 29. Qb7 Rd8 30. c6 Qxb7 31. Rxd8+ 1-0

[Event "Aktiv-Alliancen 2003"]
[Site "Taastrup"]
[Date "2003.05.24"]
[Round "2"]
[White "Sandbech, Ted"]
[Black "Lauritsen, Martin Lee"]
[Result "1-0"]
[WhiteElo "1539"]
[BlackElo "1768"]
[PlyCount "51"]
[EventDate "2003.??.??"]

1. Nf3 c5 2. e4 Nc6 3. d4 cxd4 4. Nxd4 Nf6 5. Nxc6 bxc6 6. Nc3 e5 7. Bc4 Be7 8.
O-O O-O 9. Bb3 Bb7 10. Kh1 d5 11. exd5 cxd5 12. f4 d4 13. fxe5 dxc3 14. exf6
Bxf6 15. bxc3 Bxc3 16. Rb1 Qc7 17. Qh5 g6 18. Qh6 Bg7 19. Qg5 Rae8 20. Ba3 Re2
21. Rg1 Rd8 22. Bxf7+ Kxf7 23. Rxb7 Qxb7 24. Qxd8 Rxc2 25. Rf1+ Ke6 26. Qd6#
1-0

[Event "Aktiv-Alliancen 2003"]
[Site "Taastrup"]
[Date "2003.05.24"]
[Round "2"]
[White "Foslund, Kasper"]
[Black "Jensen, Jan Erik"]
[Result "1-0"]
[WhiteElo "1593"]
[BlackElo "1225"]
[PlyCount "55"]
[EventDate "2003.??.??"]

1. e4 e5 2. Nf3 Nc6 3. Bb5 d6 4. d4 Bd7 5. dxe5 Nxe5 6. Bxd7+ Nxd7 7. O-O g6 8.
Bg5 Ngf6 9. Re1 Be7 10. e5 dxe5 11. Nc3 O-O 12. Nxe5 Nxe5 13. Rxe5 Re8 14. Qe2
c6 15. Rd1 Qc7 16. Bxf6 Bxf6 17. Rxe8+ Rxe8 18. Qxe8+ Kg7 19. Rd7 Qf4 20. Qxf7+
Kh6 21. Qxh7+ Kg5 22. g3 Qc1+ 23. Rd1 Qxc2 24. Qh4+ Kf5 25. Qf4+ Ke6 26. Rd6+
Ke7 27. Qxf6+ Ke8 28. Rd8# 1-0

[Event "Aktiv-Alliancen 2003"]
[Site "Taastrup"]
[Date "2003.05.24"]
[Round "3"]
[White "Ohayv, Nikolaj"]
[Black "Pallesen, Jacob"]
[Result "1-0"]
[WhiteElo "1755"]
[BlackElo "2070"]
[PlyCount "65"]
[EventDate "2003.??.??"]

1. e4 c5 2. Nf3 e6 3. d4 cxd4 4. Nxd4 a6 5. Nc3 Qc7 6. a3 Nc6 7. Be3 Nf6 8. f3
b5 9. Qd2 Bb7 10. g4 d6 11. Nxc6 Bxc6 12. g5 Nd7 13. f4 Be7 14. h4 Nc5 15. Bd3
Qb7 16. Bxc5 dxc5 17. Qe3 c4 18. Be2 Bd8 19. O-O-O Bb6 20. Qg3 Ke7 21. f5 Rhd8
22. f6+ Kf8 23. fxg7+ Kxg7 24. Qe5+ Kg8 25. h5 Rxd1+ 26. Rxd1 Rd8 27. Rxd8+
Bxd8 28. h6 Kf8 29. Qh8+ Ke7 30. Qxh7 Kd6 31. Qg7 Qe7 32. e5+ Kc5 33. h7 1-0

[Event "Aktiv-Alliancen 2003"]
[Site "Taastrup"]
[Date "2003.05.24"]
[Round "3"]
[White "Frederiksen, Henrik K"]
[Black "Carlsen, Henrik"]
[Result "1-0"]
[WhiteElo "2131"]
[BlackElo "1394"]
[PlyCount "75"]
[EventDate "2003.??.??"]

1. d4 Nf6 2. Nf3 g6 3. c4 c5 4. d5 b5 5. cxb5 a6 6. bxa6 Bxa6 7. Nc3 d6 8. e4
Bxf1 9. Kxf1 Nbd7 10. h3 Bg7 11. Kg1 O-O 12. Kh2 Qb6 13. Re1 Rfb8 14. Re2 Ra6
15. Rc2 Rba8 16. Qe2 Qb4 17. Bg5 h6 18. Bd2 Nb6 19. Re1 Nc4 20. Bc1 Nd7 21. Nd1
Nce5 22. Nd2 Rxa2 23. f4 Qd4 24. fxe5 Nxe5 25. Nf3 Qd3 26. Nc3 Nxf3+ 27. gxf3
Be5+ 28. f4 Qxe2+ 29. Rexe2 Bxc3 30. bxc3 Ra1 31. e5 Rb1 32. exd6 exd6 33. c4
Raa1 34. Re8+ Kh7 35. Bb2 Rh1+ 36. Kg3 Rag1+ 37. Rg2 g5 38. f5 1-0

[Event "Aktiv-Alliancen 2003"]
[Site "Taastrup"]
[Date "2003.05.24"]
[Round "3"]
[White "Foslund, Peter"]
[Black "Hansen, Alexei"]
[Result "1/2-1/2"]
[WhiteElo "1659"]
[BlackElo "1728"]
[PlyCount "43"]
[EventDate "2003.??.??"]

1. c4 Nf6 2. Nf3 d6 3. g3 g6 4. Bg2 Bg7 5. d4 O-O 6. O-O Nbd7 7. Nc3 c6 8. b3
Qc7 9. Bb2 e5 10. e3 Nh5 11. Rc1 h6 12. dxe5 dxe5 13. Ba3 Re8 14. Qc2 f5 15.
Rfe1 Nf8 16. Rcd1 Qf7 17. Rd2 g5 18. Red1 g4 19. Nh4 Be6 20. Na4 Nd7 21. Nc5
Nxc5 22. Bxc5 1/2-1/2

[Event "Aktiv-Alliancen 2003"]
[Site "Taastrup"]
[Date "2003.05.24"]
[Round "3"]
[White "Larsen, Allan"]
[Black "Schmidt, Horst Hubert"]
[Result "0-1"]
[WhiteElo "1186"]
[BlackElo "1948"]
[PlyCount "70"]
[EventDate "2003.??.??"]

1. e4 e6 2. d4 d5 3. Nc3 dxe4 4. Nxe4 Bd7 5. Nf3 Bc6 6. Bd3 Nd7 7. O-O Ngf6 8.
Re1 Nxe4 9. Bxe4 Bxe4 10. Rxe4 Be7 11. c3 O-O 12. Bd2 c5 13. dxc5 Bxc5 14. Qc2
Qb6 15. Be3 Nf6 16. Bxc5 Qxc5 17. Re2 Rfd8 18. Rd1 Rd5 19. Rxd5 Qxd5 20. a3 h6
21. Rd2 Qc5 22. h3 Re8 23. b4 Qc7 24. g4 Qf4 25. Qd1 e5 26. Rd8 Rxd8 27. Qxd8+
Kh7 28. Qd1 e4 29. Nd4 g6 30. Qe2 Qc1+ 31. Kg2 Qxc3 32. Qe3 Qb2 33. Nb5 Qe5 34.
Nxa7 Nd5 35. Qe2 Nf4+ 0-1

[Event "Aktiv-Alliancen 2003"]
[Site "Taastrup"]
[Date "2003.05.24"]
[Round "3"]
[White "Riis, Morten"]
[Black "Rosenkilde, Alexander"]
[Result "0-1"]
[WhiteElo "1456"]
[BlackElo "1679"]
[PlyCount "70"]
[EventDate "2003.??.??"]

1. Nf3 d5 2. d4 Nf6 3. c4 e6 4. Nc3 Be7 5. Bf4 O-O 6. e3 b6 7. Qc2 dxc4 8. Bxc4
Bb7 9. Be2 Nbd7 10. O-O c5 11. dxc5 Bxc5 12. Rad1 Rc8 13. Ne5 Qe7 14. Nxd7 Nxd7
15. Qa4 Nf6 16. a3 a5 17. Nb5 Nd5 18. Bg3 Rfd8 19. Bh4 f6 20. Nd4 e5 21. Nf5
Qc7 22. Qg4 Kh8 23. Rfe1 Bc6 24. Bd3 Qf7 25. Bg3 Nc7 26. Qh4 g5 27. Qg4 Bd7 28.
Qe4 Ne8 29. Nh6 Qg7 30. Ng4 Nd6 31. Qd5 Bxg4 32. f3 Bd7 33. Rb1 Bc6 34. Qe6 Qf7
35. Qg4 Bd7 0-1

[Event "Aktiv-Alliancen 2003"]
[Site "Taastrup"]
[Date "2003.05.24"]
[Round "3"]
[White "Forsmann, Henning"]
[Black "Foslund, Kasper"]
[Result "0-1"]
[WhiteElo "1653"]
[BlackElo "1593"]
[PlyCount "92"]
[EventDate "2003.??.??"]

1. d4 d5 2. c4 e6 3. Nc3 Nf6 4. Nf3 Be7 5. Bg5 Nbd7 6. e3 O-O 7. Rc1 a6 8. c5
Ne4 9. Bxe7 Qxe7 10. Bd3 f5 11. O-O Ndf6 12. b4 Bd7 13. a4 Nxc3 14. Rxc3 Ne4
15. Ra3 a5 16. bxa5 Rxa5 17. Qb3 Rb8 18. Rc1 Qe8 19. Rca1 b6 20. Qb4 Ra7 21. c6
Bxc6 22. Ne5 Nd6 23. Nxc6 Qxc6 24. Rc3 Qd7 25. f3 Rba8 26. Bc2 b5 27. Rc1 bxa4
28. Rc5 a3 29. Ra1 a2 30. Qd2 Nc4 31. Qe1 Ra3 32. e4 fxe4 33. fxe4 Ne3 34. exd5
Nxc2 35. Rxc2 Qxd5 36. Qf2 c6 37. Rb2 Rd3 38. h3 Qxd4 39. Raxa2 Rd1+ 40. Kh2
Qxf2 41. Rxf2 Rxa2 42. Rxa2 Kf7 43. Ra7+ Kf6 44. Kg3 h6 45. Rc7 Rc1 46. Kg4 c5
0-1

[Event "Aktiv-Alliancen 2003"]
[Site "Taastrup"]
[Date "2003.05.24"]
[Round "3"]
[White "Lisdorf, Bjorn"]
[Black "Sandbech, Ted"]
[Result "1/2-1/2"]
[WhiteElo "1558"]
[BlackElo "1539"]
[PlyCount "161"]
[EventDate "2003.??.??"]

1. d4 d5 2. c4 c6 3. Nc3 Nf6 4. Bg5 e6 5. e3 Be7 6. Nf3 O-O 7. Bd3 dxc4 8. Bxc4
Nd5 9. Bxe7 Qxe7 10. O-O Qb4 11. Qb3 Qxb3 12. Bxb3 Nd7 13. Rad1 N7f6 14. Rfe1
b6 15. Na4 Ba6 16. Ne5 Rac8 17. e4 Nf4 18. Rd2 Rfd8 19. Nc3 c5 20. d5 c4 21.
Ba4 exd5 22. exd5 Nd3 23. Nxd3 cxd3 24. Bc6 Nh5 25. Re7 Nf4 26. Rxa7 Ne2+ 27.
Kh1 Nxc3 28. bxc3 Bc4 29. h3 g6 30. a4 Bxd5 31. Bxd5 Rxd5 32. Rb7 Rxc3 33. Rxb6
Rc2 34. Rd1 Rxf2 35. Rb3 d2 36. Rb2 Re2 37. Rbb1 Kg7 38. Ra1 Rde5 39. Kh2 Rg5
40. Rg1 Rge5 41. Rgd1 Re1 42. a5 Rxa5 43. Rxe1 dxe1=Q 44. Rxe1 Kf6 45. Rf1+ Rf5
46. Ra1 Re5 47. Ra6+ Re6 48. Ra7 h5 49. Kg3 g5 50. Kf3 Rb6 51. Ra3 Kg6 52. g4
Rf6+ 53. Kg3 h4+ 54. Kg2 Re6 55. Rf3 Re2+ 56. Kf1 Re4 57. Kg2 Re5 58. Kg1 f5
59. gxf5+ Rxf5 60. Re3 Kf6 61. Kg2 Rb5 62. Rf3+ Ke5 63. Rf8 Ke4 64. Rf2 Rb3 65.
Re2+ Re3 66. Rf2 Rg3+ 67. Kh2 Ke3 68. Rf5 Ke4 69. Rf2 Rf3 70. Rg2 Kf4 71. Rg4+
Kf5 72. Rg2 Rf4 73. Re2 Rf3 74. Rg2 Rf4 75. Re2 Re4 76. Rf2+ Ke5 77. Rg2 Kf5
78. Rf2+ Rf4 79. Re2 Ra4 80. Rf2+ Kg6 81. Rg2 1/2-1/2

[Event "Aktiv-Alliancen 2003"]
[Site "Taastrup"]
[Date "2003.05.24"]
[Round "3"]
[White "Lauritsen, Martin Lee"]
[Black "Nielsen, Michael Backmann"]
[Result "1-0"]
[WhiteElo "1768"]
[BlackElo "1320"]
[PlyCount "43"]
[EventDate "2003.??.??"]

1. e4 c5 2. Nf3 d6 3. d4 cxd4 4. Nxd4 Nf6 5. Nc3 Nc6 6. Be3 Bd7 7. Bc4 g6 8. f3
Bg7 9. Qd2 O-O 10. O-O-O Ne5 11. Bb3 Rc8 12. Kb1 Nc4 13. Bxc4 Rxc4 14. h4 Qa5
15. Nd5 Qd8 16. Bh6 Nxe4 17. Qe3 Bxh6 18. Qxh6 Nf2 19. h5 g5 20. Rhe1 Be6 21.
Rd2 Bxd5 22. Nf5 1-0

[Event "Aktiv-Alliancen 2003"]
[Site "Taastrup"]
[Date "2003.05.25"]
[Round "4"]
[White "Erichsen, Dan"]
[Black "Ohayv, Nikolaj"]
[Result "0-1"]
[WhiteElo "2138"]
[BlackElo "1755"]
[PlyCount "120"]
[EventDate "2003.??.??"]

1. e4 c5 2. Nf3 d6 3. d4 cxd4 4. Nxd4 Nc6 5. c4 Nf6 6. Nc3 a6 7. Be2 e6 8. Be3
Be7 9. O-O O-O 10. f4 Bd7 11. Kh1 Nxd4 12. Bxd4 Bc6 13. Bf3 Rc8 14. Qe2 Re8 15.
Rad1 Qa5 16. Qf2 Qc7 17. Bb6 Qb8 18. Rfe1 Bd8 19. Bd4 b5 20. e5 dxe5 21. Bxc6
exd4 22. Bxe8 dxc3 23. Bd7 Rc7 24. Qd4 Rxd7 25. Qxc3 Rxd1 26. Rxd1 bxc4 27.
Qxc4 Nd5 28. Qc6 g6 29. Qxa6 Qxb2 30. Qa8 Qb6 31. g4 Kg7 32. h3 Qf2 33. Qa4 Bc7
34. Qd4+ Qxd4 35. Rxd4 Bxf4 36. a4 Be3 37. Rd3 Bb6 38. Rb3 Kf6 39. Rb5 Bd4 40.
a5 Nc7 41. Rb4 Ke5 42. Rc4 Nd5 43. a6 f5 44. Ra4 Ba7 45. Kg2 f4 46. Kf3 g5 47.
Rc4 Kd6 48. Rc8 e5 49. Ra8 Bb6 50. a7 Bxa7 51. Rxa7 Kc5 52. Ke4 Kc4 53. Rxh7
Nf6+ 54. Kxe5 Nxh7 55. Ke4 Nf6+ 56. Kf3 Nd7 57. h4 Ne5+ 58. Ke4 f3 59. Ke3 gxh4
60. g5 Kd5 0-1

[Event "Aktiv-Alliancen 2003"]
[Site "Taastrup"]
[Date "2003.05.25"]
[Round "4"]
[White "Auchenberg, Per"]
[Black "Frederiksen, Henrik K"]
[Result "1-0"]
[WhiteElo "2040"]
[BlackElo "2131"]
[PlyCount "99"]
[EventDate "2003.??.??"]

1. f4 g6 2. Nf3 Bg7 3. e4 c5 4. Be2 e6 5. O-O Ne7 6. d3 Nbc6 7. c3 d5 8. Na3
O-O 9. e5 d4 10. Nc4 Nd5 11. Bd2 dxc3 12. bxc3 b6 13. Qe1 Rb8 14. a4 Ba6 15.
Ng5 Bxc4 16. dxc4 Nc7 17. Ne4 f6 18. exf6 Bxf6 19. Qg3 Qe7 20. Qh3 Rbd8 21. Ra2
Ne8 22. g4 Nd6 23. Nxf6+ Qxf6 24. Be1 Rd7 25. Rd2 Rff7 26. Bh4 Qg7 27. Rfd1 Ne8
28. Qe3 Nc7 29. Bf6 Qxf6 30. Rxd7 Nd4 31. Rxf7 Nxe2+ 32. Qxe2 Qxf7 33. Qe5 Ne8
34. Re1 Ng7 35. Rd1 h6 36. Kg2 Kh7 37. Kg3 Qe8 38. Qc7 e5 39. fxe5 g5 40. Rd7
Qg6 41. Qxa7 Kh8 42. Qb8+ Kh7 43. Qc7 Kh8 44. Qd6 Ne6 45. Qb8+ Qg8 46. Qxg8+
Kxg8 47. Rb7 Nf4 48. Rxb6 Ne2+ 49. Kf3 Nxc3 50. a5 1-0